| 000 | 01204nam a22002177a 4500 | ||
|---|---|---|---|
| 003 | OSt | ||
| 005 | 20190104073319.0 | ||
| 008 | 180226b xxu||||| |||| 00| 0 spa d | ||
| 040 | _cPJ | ||
| 100 |
_9382 _aTouceda, Raúl |
||
| 245 |
_aIntroducción a la socioantropología / _cRaúl Touceda. |
||
| 260 |
_aBuenos Aires : _bAbeledo-Perrot, _c1962 |
||
| 300 |
_a79 p. _c20 cm. |
||
| 490 |
_aMonografías Jurídicas _v76 |
||
| 500 | _aBibliografía al final de la obra. | ||
| 504 | _aBibliografía: p. 77. | ||
| 505 | _aContenido: I. Sociología y antropología (crisis de unilatralidad ) -- II,. Integración ideomatica y conceptualización. Realidad del investigador -- III. Realidad compleja del problema humano. Puntos básicos de referencia -- IV. La socioantropología y las medas ciencias -- V. Antroposociología y socioantropología -- VI. Origen y fundamentos de la ciencia socioantropología. El fenómeno social (Gurvitch) y el fenómeno humano (Teilhard de Chardin) -- VII La socioantropología: herramienta del reformador social -- VIII. Una dirección: la solidaridad universala. | ||
| 650 | 0 |
_aCIENCIAS SOCIALES _91912 |
|
| 650 | 0 |
_aSOCIOLOGIA _9247 |
|
| 942 |
_2udc _cLIB _h316 _iTOU |
||
| 999 |
_c336 _d336 |
||